[Event "Ulan-Ude Vakarin Memorial"]
[Site "Ulan-Ude"]
[Date "2010.06.??"]
[Round "4"]
[White "Maximov, Anton"]
[Black "Bidaev, Sergey"]
[Result "0-1"]
[WhiteElo "2178"]
[BlackElo "1981"]
[PlyCount "104"]
[EventDate "2010.06.??"]
[EventType "tourn"]
[EventRounds "9"]
[EventCountry "RUS"]
[SourceTitle "EXT 2012"]
[Source "ChessBase"]
[SourceDate "2011.11.24"]
[SourceVersion "1"]
[SourceVersionDate "2011.11.24"]
[SourceQuality "1"]

1. e4 c6 2. d4 d5 3. e5 c5 4. Bb5+ Bd7 5. Bxd7+ Qxd7 6. c3 Nc6 7. Ne2 e6 8. 0-0 Nge7 9. f4 cxd4 10. cxd4 h5 11. Rf3 Nf5 12. Rh3 b6 13. g4 Nfxd4 14. Nxd4 Nxd4 15. Be3 Nc6 16. gxh5 0-0-0 17. Nd2 f6 18. Nf3 Kb7 19. a4 Rc8 20. Nd4 fxe5 21. Nxc6 Qxc6 22. fxe5 Qc2 23. Qxc2 Rxc2 24. Rb1 Rc4 25. a5 Re4 26. Rf1 Rxe5 27. Rf7+ Ka6 28. axb6 axb6 29. Bf2 Rg5+ 30. Kf1 Bd6 31. Rb3 Rb8 32. Rd7 Bf8 33. Re3 Bc5 34. Rf3 Bxf2 35. Kxf2 Rxh5 36. h3 Rbh8 37. Ra3+ Kb5 38. Rb3+ Kc6 39. Re7 R8h6 40. Rc3+ Kd6 41. Rb7 Rxh3 42. Rxb6+ Ke5 43. Rc7 g5 44. Rg7 Kf5 45. Rf7+ Rf6 46. Re7 g4 47. Kg2 Re3 48. Rg7 e5 49. Rb4 d4 50. Rd7 Kf4 51. Rb8 Re2+ 52. Kg1 Kg3 0-1

[Event "Vladimir CC Luch-ch"]
[Site "Vladimir"]
[Date "2010.03.30"]
[Round "5"]
[White "Maximov, Anton"]
[Black "Mishin, Alexei"]
[Result "1/2-1/2"]
[WhiteElo "2178"]
[BlackElo "2294"]
[PlyCount "22"]
[EventDate "2010.03.25"]
[EventType "tourn"]
[EventRounds "11"]
[EventCountry "RUS"]
[SourceTitle "EXT 2023"]
[Source "ChessBase"]
[SourceDate "2022.10.05"]
[SourceVersion "1"]
[SourceVersionDate "2022.10.05"]
[SourceQuality "1"]

1. e4 e5 2. Nf3 Nf6 3. Nxe5 d6 4. Nf3 Nxe4 5. Nc3 Nxc3 6. dxc3 Be7 7. Bf4 0-0 8. Qd2 Nd7 9. 0-0-0 Bf6 10. h4 Re8 11. h5 Ne5 1/2-1/2

[Event "Vladimir op-A"]
[Site "Vladimir"]
[Date "2009.08.24"]
[Round "5"]
[White "Maximov, Anton"]
[Black "Tsarukian, Elis"]
[Result "1-0"]
[WhiteElo "2127"]
[BlackElo "2232"]
[PlyCount "51"]
[EventDate "2009.08.19"]
[EventType "swiss"]
[EventRounds "9"]
[EventCountry "RUS"]
[SourceTitle "EXT 2010"]
[Source "ChessBase"]
[SourceDate "2010.11.25"]
[SourceVersion "1"]
[SourceVersionDate "2010.11.25"]
[SourceQuality "1"]

1. e4 c5 2. Nf3 Nc6 3. Bb5 g6 4. 0-0 Bg7 5. Re1 Nf6 6. e5 Nd5 7. Nc3 Nxc3 8. dxc3 0-0 9. Bg5 h6 10. Bh4 Re8 11. e6 f6 12. Qd3 g5 13. Qg6 Rf8 14. Bd3 f5 15. exd7 Bxd7 16. Bc4+ e6 17. Rxe6 Bxe6 18. Bxe6+ Kh8 19. Nxg5 Qxg5 20. Bxg5 Ne5 21. Qh5 Rae8 22. Bxf5 Nf7 23. Be3 Re5 24. Qg6 Ng5 25. Bxg5 Rexf5 26. Bxh6 1-0

[Event "Vladimir op-A"]
[Site "Vladimir"]
[Date "2009.08.20"]
[Round "2"]
[White "Maximov, Anton"]
[Black "Gutkin, Boris"]
[Result "0-1"]
[WhiteElo "2127"]
[BlackElo "2283"]
[PlyCount "66"]
[EventDate "2009.08.19"]
[EventType "swiss"]
[EventRounds "9"]
[EventCountry "RUS"]
[SourceTitle "EXT 2010"]
[Source "ChessBase"]
[SourceDate "2010.11.25"]
[SourceVersion "1"]
[SourceVersionDate "2010.11.25"]
[SourceQuality "1"]

1. e4 Nf6 2. e5 Nd5 3. d4 d6 4. c4 Nb6 5. exd6 cxd6 6. Nc3 g6 7. Nf3 Bg7 8. Be2 0-0 9. b3 Bg4 10. Be3 Nc6 11. Rc1 d5 12. c5 Nc8 13. 0-0 e6 14. a3 N8e7 15. b4 Nf5 16. Ne5 Nxe5 17. Bxg4 Nxe3 18. fxe3 Nc4 19. Rf3 f5 20. Bh3 g5 21. g4 h5 22. gxh5 g4 23. Rg3 Qg5 24. Ne4 Qh6 25. Nf2 gxh3 26. Rg6 Qxe3 27. h6 Rf7 28. hxg7 Rxg7 29. Rxg7+ Kxg7 30. Qe1 Qf3 31. Qf1 Rh8 32. Nd3 Qg4+ 33. Kh1 Qe4+ 0-1

[Event "Vladimir Luch Cup"]
[Site "Vladimir"]
[Date "2009.03.30"]
[Round "9"]
[White "Maximov, Anton"]
[Black "Kuzmina, Tatiana"]
[Result "1-0"]
[WhiteElo "2145"]
[BlackElo "1608"]
[PlyCount "77"]
[EventDate "2009.03.22"]
[EventType "tourn"]
[EventRounds "11"]
[EventCountry "RUS"]
[SourceTitle "EXT 2012"]
[Source "ChessBase"]
[SourceDate "2011.11.24"]
[SourceVersion "1"]
[SourceVersionDate "2011.11.24"]
[SourceQuality "1"]

1. e4 c5 2. Nf3 e6 3. d4 cxd4 4. Nxd4 Nf6 5. Nc3 Nc6 6. Ndb5 Bb4 7. a3 Bxc3+ 8. Nxc3 d5 9. exd5 exd5 10. Bg5 d4 11. Ne4 Qa5+ 12. Bd2 Qe5 13. f3 Nxe4 14. fxe4 Qxe4+ 15. Qe2 Qxe2+ 16. Bxe2 0-0 17. 0-0 Be6 18. Rae1 Rad8 19. Bd3 Rfe8 20. Rf4 Bd5 21. Rxe8+ Rxe8 22. b4 a6 23. a4 Ne5 24. Rxd4 Nxd3 25. Rxd5 Nb2 26. Rd7 Nxa4 27. Rxb7 Rd8 28. Ra7 h6 29. Be3 Nb2 30. Rxa6 Nc4 31. Kf2 Nb2 32. b5 Nd1+ 33. Kf3 Nc3 34. b6 Kh7 35. Bf4 g5 36. Bc7 Re8 37. b7 f5 38. b8Q g4+ 39. Kg3 1-0

[Event "Vladimir Luch Cup"]
[Site "Vladimir"]
[Date "2009.03.24"]
[Round "3"]
[White "Maximov, Anton"]
[Black "Shabanov, Nurlan Mammad"]
[Result "1-0"]
[WhiteElo "2145"]
[BlackElo "1952"]
[PlyCount "99"]
[EventDate "2009.03.22"]
[EventType "tourn"]
[EventRounds "11"]
[EventCountry "RUS"]
[SourceTitle "EXT 2012"]
[Source "ChessBase"]
[SourceDate "2011.11.24"]
[SourceVersion "1"]
[SourceVersionDate "2011.11.24"]
[SourceQuality "1"]

1. e4 c5 2. Nf3 Nc6 3. Bb5 Qb6 4. Nc3 e6 5. Bxc6 bxc6 6. d3 d6 7. 0-0 e5 8. Nd2 Be6 9. Nc4 Qc7 10. f4 Bxc4 11. dxc4 Nf6 12. Be3 Be7 13. f5 Rb8 14. b3 h6 15. Qf3 Nh7 16. g4 Rd8 17. Rad1 Qa5 18. Rd3 0-0 19. Qg3 Qc7 20. h4 f6 21. Rf2 Kf7 22. Qf3 Kg8 23. Rh2 Rb8 24. Bd2 Rbd8 25. Nd1 Rd7 26. Nf2 Qd8 27. Nh3 Re8 28. Rg2 d5 29. cxd5 cxd5 30. Rxd5 Rxd5 31. exd5 c4 32. Qe4 cxb3 33. axb3 Qb6+ 34. Kh2 Qd4 35. Qxd4 exd4 36. Nf4 Bd6 37. Kg1 Rc8 38. Bc1 Be5 39. Kf1 Nf8 40. Re2 Nd7 41. Ng6 Rc5 42. Bb2 Kf7 43. Bxd4 Rxd5 44. Bxa7 Rd1+ 45. Kg2 Ra1 46. Bf2 Rd1 47. Bg3 Rd4 48. Kf3 Rd5 49. Bxe5 Nxe5+ 50. Nxe5+ 1-0

[Event "Vladimir op-A"]
[Site "Vladimir"]
[Date "2008.08.22"]
[Round "10"]
[White "Borisova, Elizaveta"]
[Black "Maximov, Anton"]
[Result "1/2-1/2"]
[WhiteElo "2316"]
[BlackElo "2146"]
[PlyCount "47"]
[EventDate "2008.08.12"]
[EventType "swiss"]
[EventRounds "10"]
[EventCountry "RUS"]
[SourceTitle "CBM 126 Extra"]
[Source "ChessBase"]
[SourceDate "2008.11.05"]
[SourceVersion "1"]
[SourceVersionDate "2008.11.05"]
[SourceQuality "1"]

1. d4 Nf6 2. c4 g6 3. Nc3 d5 4. Nf3 Bg7 5. Qb3 dxc4 6. Qxc4 0-0 7. e4 a6 8. Be2 b5 9. Qb3 c5 10. dxc5 Bb7 11. 0-0 Nxe4 12. Nxe4 Bxe4 13. Bf4 Nc6 14. Rfd1 Qc8 15. a4 Qf5 16. Qe3 Bxb2 17. Ra2 Bg7 18. Ng5 e5 19. Qxe4 Qxe4 20. Nxe4 exf4 21. axb5 axb5 22. Rxa8 Rxa8 23. Bxb5 Nd4 24. Bc4 1/2-1/2

[Event "Vladimir op-A"]
[Site "Vladimir"]
[Date "2008.08.15"]
[Round "4"]
[White "Ruchkin, Ivan"]
[Black "Maximov, Anton"]
[Result "1/2-1/2"]
[WhiteElo "2188"]
[BlackElo "2146"]
[PlyCount "58"]
[EventDate "2008.08.12"]
[EventType "swiss"]
[EventRounds "10"]
[EventCountry "RUS"]
[SourceTitle "CBM 126 Extra"]
[Source "ChessBase"]
[SourceDate "2008.11.05"]
[SourceVersion "1"]
[SourceVersionDate "2008.11.05"]
[SourceQuality "1"]

1. e4 c5 2. Nf3 d6 3. d4 cxd4 4. Nxd4 Nf6 5. Nc3 a6 6. Be3 e5 7. Nf3 Be7 8. h3 Nbd7 9. Bc4 Qc7 10. Bb3 0-0 11. 0-0 b5 12. Nd5 Nxd5 13. Bxd5 Bb7 14. Bxb7 Qxb7 15. Qd5 Qc7 16. c3 Nf6 17. Qd3 d5 18. Nd2 Rfd8 19. exd5 Nxd5 20. Qe2 f5 21. c4 Nxe3 22. fxe3 Bb4 23. Rad1 Bxd2 24. Rxd2 Qxc4 25. Qxc4+ bxc4 26. Rxd8+ Rxd8 27. Rxf5 Rd1+ 28. Rf1 Rd2 29. Rf2 Rd1+ 1/2-1/2